000 00572nam a22002297a 4500
003 UA-OsUOA
001 26485
007 ta
008 20040603b un ||||| |||| 00| 0 ukr d
090 _a530
_bЗ-12
942 _cBK
040 _aUA-OsUOA
_brus
_cUA-OsUOA
_dUA-OsUOA
245 _aЗадачи и упражнения с ответами и решениями
_cРед. А.П.Леванюк
300 _a623 с.
955 _a0
041 _arus
080 _a530
260 _aМосква
_bМир
_c1969
044 _aRU
650 7 _2UDC
999 _c312810
_d312810